<?xml version="1.0" encoding="UTF-8"?>
<record
    xmlns:xsi="http://www.w3.org/2001/XMLSchema-instance"
    xsi:schemaLocation="http://www.loc.gov/MARC21/slim http://www.loc.gov/standards/marcxml/schema/MARC21slim.xsd"
    xmlns="http://www.loc.gov/MARC21/slim">

  <leader>01204nam a22002774a 4500</leader>
  <controlfield tag="001">UTEA</controlfield>
  <controlfield tag="005">20240914013634.0</controlfield>
  <controlfield tag="006">g||||gr||||||01 nz</controlfield>
  <controlfield tag="007">ta</controlfield>
  <controlfield tag="008">200206b        pe ||||| |||| 00| 0 spa d</controlfield>
  <datafield tag="020" ind1=" " ind2=" ">
    <subfield code="a">9789587784626</subfield>
  </datafield>
  <datafield tag="040" ind1=" " ind2=" ">
    <subfield code="a">UTEA</subfield>
  </datafield>
  <datafield tag="041" ind1=" " ind2=" ">
    <subfield code="a">spa</subfield>
  </datafield>
  <datafield tag="082" ind1=" " ind2=" ">
    <subfield code="a">658.7 </subfield>
    <subfield code="b">C1 2019</subfield>
  </datafield>
  <datafield tag="100" ind1=" " ind2=" ">
    <subfield code="a">Tundidor, Alberto</subfield>
    <subfield code="e">Autor</subfield>
  </datafield>
  <datafield tag="245" ind1=" " ind2=" ">
    <subfield code="a">Cadena de Suministro 4.0 </subfield>
    <subfield code="b">: beneficios y retos de las tecnolog&#xED;as disruptivas </subfield>
    <subfield code="h">[Impreso]</subfield>
  </datafield>
  <datafield tag="246" ind1=" " ind2=" ">
    <subfield code="c">Alberto,Tundidor</subfield>
  </datafield>
  <datafield tag="250" ind1=" " ind2=" ">
    <subfield code="a">1a. edici&#xF3;n :</subfield>
  </datafield>
  <datafield tag="260" ind1=" " ind2=" ">
    <subfield code="a">Bogot&#xE0;,</subfield>
    <subfield code="b">Alfaomega,</subfield>
    <subfield code="c">2019</subfield>
  </datafield>
  <datafield tag="300" ind1=" " ind2=" ">
    <subfield code="a">127 p&#xE0;ginas</subfield>
    <subfield code="c">20 cm</subfield>
  </datafield>
  <datafield tag="505" ind1=" " ind2=" ">
    <subfield code="a">La cadena de suministro y las tecnolog&#xED;as disruptivas -- Impresoras 3D : cambios en el mercado mundial de recambios -- El veh&#xED;culo aut&#xF3;nomo y el&#xE9;ctrico -- La realidad aumentada irrumpe en la industria 4.0 -- Gesti&#xF3;n de la informaci&#xF3;n 4.0 -- Modelos de organizaci&#xF3;n humana en la cadena de suministro 4.0</subfield>
  </datafield>
  <datafield tag="650" ind1=" " ind2=" ">
    <subfield code="a">La realidad aumentada irrumpe en la industria 4.0 </subfield>
    <subfield code="9">44698</subfield>
  </datafield>
  <datafield tag="650" ind1=" " ind2=" ">
    <subfield code="a">Modelos de organizaci&#xF3;n humana en la cadena de suministro 4.0</subfield>
    <subfield code="9">44699</subfield>
  </datafield>
  <datafield tag="650" ind1=" " ind2=" ">
    <subfield code="a">Gesti&#xF3;n de la informaci&#xF3;n 4.0 </subfield>
    <subfield code="9">44700</subfield>
  </datafield>
  <datafield tag="942" ind1=" " ind2=" ">
    <subfield code="c">BK</subfield>
    <subfield code="e">2024-09-13</subfield>
    <subfield code="2">ddc</subfield>
    <subfield code="z">Lizbeth Ca&#xF1;ari Quispe</subfield>
  </datafield>
  <datafield tag="952" ind1=" " ind2=" ">
    <subfield code="0">0</subfield>
    <subfield code="1">0</subfield>
    <subfield code="2">ddc</subfield>
    <subfield code="4">0</subfield>
    <subfield code="7">0</subfield>
    <subfield code="8">EPISF1</subfield>
    <subfield code="a">BABA</subfield>
    <subfield code="b">BABA</subfield>
    <subfield code="c">SALA1</subfield>
    <subfield code="d">2020-02-06</subfield>
    <subfield code="e">CP</subfield>
    <subfield code="o">658.7 C1 2019</subfield>
    <subfield code="p">BABA20020233</subfield>
    <subfield code="t">ej. 1</subfield>
    <subfield code="y">BK</subfield>
  </datafield>
  <datafield tag="952" ind1=" " ind2=" ">
    <subfield code="0">0</subfield>
    <subfield code="1">0</subfield>
    <subfield code="2">ddc</subfield>
    <subfield code="4">0</subfield>
    <subfield code="7">0</subfield>
    <subfield code="8">EPISF1</subfield>
    <subfield code="a">BABA</subfield>
    <subfield code="b">BABA</subfield>
    <subfield code="c">SALA1</subfield>
    <subfield code="d">2020-02-06</subfield>
    <subfield code="e">CP</subfield>
    <subfield code="o">658.7 C1 2019</subfield>
    <subfield code="p">BABA20020297</subfield>
    <subfield code="t">ej. 2</subfield>
    <subfield code="y">BK</subfield>
  </datafield>
  <datafield tag="952" ind1=" " ind2=" ">
    <subfield code="0">0</subfield>
    <subfield code="1">0</subfield>
    <subfield code="2">ddc</subfield>
    <subfield code="4">0</subfield>
    <subfield code="7">0</subfield>
    <subfield code="8">EPISF1</subfield>
    <subfield code="a">BCUS</subfield>
    <subfield code="b">BCUS</subfield>
    <subfield code="c">Biblioteca Puputi</subfield>
    <subfield code="d">2024-09-13</subfield>
    <subfield code="e">CP</subfield>
    <subfield code="o">658.7 C1 2019</subfield>
    <subfield code="p">BCUS20020797</subfield>
    <subfield code="t">ej. 1</subfield>
    <subfield code="y">BK</subfield>
    <subfield code="k"></subfield>
  </datafield>
  <datafield tag="952" ind1=" " ind2=" ">
    <subfield code="0">0</subfield>
    <subfield code="1">0</subfield>
    <subfield code="2">ddc</subfield>
    <subfield code="4">0</subfield>
    <subfield code="7">0</subfield>
    <subfield code="8">EPISF1</subfield>
    <subfield code="a">BCUS</subfield>
    <subfield code="b">BCUS</subfield>
    <subfield code="c">Biblioteca Puputi</subfield>
    <subfield code="d">2024-09-13</subfield>
    <subfield code="e">CP</subfield>
    <subfield code="o">658.7 C1 2019</subfield>
    <subfield code="p">BCUS20020938</subfield>
    <subfield code="t">ej. 2</subfield>
    <subfield code="y">BK</subfield>
    <subfield code="k"></subfield>
  </datafield>
  <datafield tag="999" ind1=" " ind2=" ">
    <subfield code="c">14918</subfield>
    <subfield code="d">14918</subfield>
  </datafield>
</record>
